• 首页
  • 本馆介绍
  • 公告通知
  • 最新文献
  • 馆藏检索
  • 电子资源
  • 读者导购
  • 参考咨询
  • 我的图书馆
  • 登录
  • 详细信息显示
  • 放入我的书架
  • 预约/预借图书
  • 作者相关作品
  • 分类相关作品
  • 丛书相关作品
  • 出版社相关作品

书目信息

  • 表格格式
  • 工作单格式
  • 卡片格式
题名:
出版传播与农村先进文化建设
    
 
作者: 周国清 著
分册:  
出版信息: 长沙   湖南师范大学出版社  2016
页数: 230页
开本: 25cm
丛书名:
单 册:
中图分类: G239.2 , G12
科图分类:
主题词: 农村--nong cun--出版工作--关系--农村文化--建设--研究--中国
电子资源:
ISBN: 978-7-5648-2679-6
000 00971nam0 22002531 450
001 0102164924
005 20170502164924.0
010    @a978-7-5648-2679-6@dCNY36.80
100    @a20170220d2016 em y0chiy50 ea
101 0  @achi
102    @aCN@b430000
105    @ay z 000yy
106    @ar
200 1  @a出版传播与农村先进文化建设@9chu ban chuan bo yu nong cun xian jin wen hua jian she@f周国清著
210    @a长沙@c湖南师范大学出版社@d2016
215    @a230页@d25cm
300    @a教育部人文社会科学研究规划基金项目成果 湖南省2016年度重点选题图书
330    @a本书共九章,首先论述了农村出版传播的文化担当、文化定位和文化走势,然后探讨了农村文化建设的有力推手、不断提升、多维导引、基础构建,并就农村阅读的个案进行了审思。
606 0  @a农村@9nong cun@x出版工作@x关系@x农村文化@x建设@x研究@y中国
690    @aG239.2@v5
690    @aG12@v5
701  0 @a周国清@9zhou guo qing@f(1964.11~)@4著
801  0 @aCN@b百万庄@c20170308
905    @b1002952-7@dG239.2@e79@f6
    
    出版传播与农村先进文化建设/周国清著 .-长沙:湖南师范大学出版社,2016
    230页;25cm
    教育部人文社会科学研究规划基金项目成果 湖南省2016年度重点选题图书
    
    ISBN 978-7-5648-2679-6:CNY36.80
    本书共九章,首先论述了农村出版传播的文化担当、文化定位和文化走势,然后探讨了农村文化建设的有力推手、不断提升、多维导引、基础构建,并就农村阅读的个案进行了审思。
●
相关链接 在E读中查询图书 在五车中查询图书 在当当中查询图书 在豆瓣中查询图书


正题名:出版传播与农村先进文化建设     索取号:G239.2/79         预约/预借

序号 登录号 条形码 馆藏地/架位号 状态 备注
1 1002952   210029529   第一样本阅览室/ [索取号:G239.2/79] 在馆    
2 1002953   210029538   教育系资料室/ [索取号:G239.2/79] 在馆    
3 1002954   210029547   教育系资料室/ [索取号:G239.2/79] 在馆    
4 1002955   210029556   教育系资料室/ [索取号:G239.2/79] 在馆    
5 1002956   210029565   第四借阅区/ [索取号:G239.2/79] 在馆    
6 1002957   210029574   第四借阅区/ [索取号:G239.2/79] 在馆    
唐山师范学院图书馆 欢迎您!
大连网信软件有限公司© 版权所有